00746nam a22001937a 450000500170000001000150001702000270003203500140005903700090007308200110008210000300009324500820012326000500020527000760025530000200033194200250035199900190037695201570039520240802162711.0 aENG-141161 a9789390951222c1199.00 aEN-124693 bDBAD a181.43 aBaksi, Panchugopal969396 aOriginality of the Pioneers of the Ramakrishna Order/cBy Panchugopal Baksi,  aPanchugopalbAllied Publishers Pvt Ltd.c2022 aD-5, Sector 2, NoidabUttar Pradeshe201301k0120-4320295k0120-2542557 a714p.c24cm(hb) 2ddccENh181.43mBAK c204786d204786 001040708NFICaBNbBNd2024-08-02eDelivery of Books Act Divisiong1199.00l0o181.43 BAKpEN-124693r2024-08-02 00:00:00t1v1199.00w2024-08-02yEN